| 000 | 00886cab a2200229 4500 | ||
|---|---|---|---|
| 001 | ##L132824 | ||
| 008 | 060310n2006 000 0 eng u | ||
| 035 | _a(Sirsi) u132824 | ||
| 041 | 0 | _aeng | |
| 100 | 1 | _aElghamry, Nadia | |
| 245 | 0 | 0 |
_aFocus 2 _bEast Midlands |
| 260 | _c2006 | ||
| 490 | 0 |
_aEstates Gazette _v(0609) 4 March 2006, 135-161(13) |
|
| 520 | _aCovers Nottingham retail development and its office market. Reports on Leicester's proposed new business quarter, the redevelopment of Derby's main shopping centre, the revitalisation of neglected industrial sites in Lincolnshire market towns and mixed use development in Wellingborough. | ||
| 590 | _aIKA140306 | ||
| 690 | _aPROPERTY-COMMERCIAL PROPERTY-COMMERCIAL PROPERTY MARKET | ||
| 700 | 1 | _aHalstead, Ian | |
| 700 | 1 | _aCavanagh, Elaine | |
| 700 | 1 | _aHarris, David | |
| 700 | 1 | _aDuffield, Louise | |
| 942 | _n0 | ||
| 999 |
_c76649 _d76649 |
||